000
00309nam a22001337a 4500
008
170220b xxu||||| |||| 00| 0 eng d
020
_a
9780323066600
041
_a
eng
080
_2
6TH
_a
615
100
_a
5
101
_a
SHF
245
_a
PHARMACOLOGY AND THE NURSING PROCESS
_c
SNYDER, J.S
942
_2
udc
_c
BK
999
_c
5834
_d
5834